Le Corbusier's Villa Shodhan (Record no. 10721)
[ view plain ]
| 000 -LEADER | |
|---|---|
| fixed length control field | 00304 a2200121 4500 |
| 008 - FIXED-LENGTH DATA ELEMENTS--GENERAL INFORMATION | |
| fixed length control field | 220609b ||||| |||| 00| 0 eng d |
| 020 ## - INTERNATIONAL STANDARD BOOK NUMBER | |
| International Standard Book Number | 9789353006051 |
| 082 ## - DEWEY DECIMAL CLASSIFICATION NUMBER | |
| Classification number | 728.8095 |
| 100 ## - MAIN ENTRY--PERSONAL NAME | |
| Personal name | Basu, Manisha Shodhan |
| 245 ## - TITLE STATEMENT | |
| Title | Le Corbusier's Villa Shodhan |
| 260 ## - PUBLICATION, DISTRIBUTION, ETC. (IMPRINT) | |
| Name of publisher, distributor, etc | MSB Publishers |
| Date of publication, distribution, etc | 2019 |
| 942 ## - ADDED ENTRY ELEMENTS (KOHA) | |
| Source of classification or shelving scheme | |
| Withdrawn status | Lost status | Source of classification or shelving scheme | Damaged status | Koha normalized classification for sorting | Not for loan | Permanent location | Current location | Date acquired | Source of acquisition | Cost, normal purchase price | Total Checkouts | Full call number | Barcode | Date last seen | Date last borrowed | Cost, replacement price | Price effective from | Koha item type |
|---|---|---|---|---|---|---|---|---|---|---|---|---|---|---|---|---|---|---|
| 728_809500000000000 | BMS College of Architecture, Design and Planning | BMS College of Architecture, Design and Planning | 2022-06-09 | 8 | 1800.00 | 2 | 728.8095 | AR-UG2790 | 2023-09-12 | 2023-08-30 | 3000.00 | 2022-06-09 | UG Books |